[Event "JUG-chT2"]
[Site "Becici"]
[Date "1993.??.??"]
[Round "2"]
[White "Aleksic, Nenad"]
[Black "Pavlovic, Milos"]
[Result "0-1"]
[WhiteElo "2415"]
[BlackElo "2455"]
[PlyCount "58"]
[EventDate "1993.??.??"]
[Source "www.chesslib.no"]
[SourceDate "2004.05.04"]

1. e4 e5 2. Nf3 Nc6 3. d4 exd4 4. Bc4 Nf6 5. O-O Nxe4 6. Re1 d5 7. Bxd5 Qxd5 8. Nc3 Qh5 9. Nxe4 Be6 10. Bg5 Bd6 11. h4 h6 12. Nxd6+ cxd6 13. Bf4 Qd5 14. Rc1 O-O 15. Qd2 Rfe8 16. c3 dxc3 17. Qxc3 Bg4 18. Red1 Qf5 19. Bxd6 Re2 20. Bg3 Bxf3 21. gxf3 Rae8 22. Kg2 R8e6 23. Rd2 Ne7 24. Rcd1 Kh7 25. Rxe2 Rxe2 26. Rd2 Nd5 27. Qd3 Ne3+ 28. Kg1 Rxd2 29. Qxd2 Qb1+ 0-1

[Event "Terrassa"]
[Site "Terrassa"]
[Date "1991.??.??"]
[Round "4"]
[White "Illescas Cordoba, Miguel"]
[Black "Garcia Ilundain, David"]
[Result "1-0"]
[WhiteElo "2545"]
[BlackElo "2325"]
[PlyCount "23"]
[EventDate "1991.05.??"]
[Source "ChessBase"]

1. e4 e5 2. Nf3 Nc6 3. d4 exd4 4. Bc4 Nf6 5. O-O Nxe4 6. Re1 d5 7. Bb5 Be7 8. Nxd4 Bd7 9. c4 Nxd4 10. Bxd7+ Qxd7 11. Qxd4 O-O 12. Rxe4 1-0

[Event "It (Men) Frascati ITA"]
[Site "?"]
[Date "2006.03.24"]
[Round "1"]
[White "Mogranzini Roberto"]
[Black "Dervishi Erald"]
[Result "0-1"]
[WhiteElo "2370"]
[BlackElo "2491"]
[PlyCount "62"]
[EventDate "2006.??.??"]
[Source "www.chesslib.no"]
[SourceDate "2004.05.04"]

1. e4 e5 2. Nf3 Nc6 3. d4 exd4 4. Bc4 Nf6 5. O-O Nxe4 6. Re1 d5 7. Bxd5 Qxd5 8. Nc3 Qa5 9. Nxe4 Be6 10. Neg5 O-O-O 11. Nxe6 fxe6 12. Rxe6 Bd6 13. Bg5 Rdf8 14. Qe2 a6 15. Bd2 Qd5 16. Qe4 Qh5 17. Qh4 Qb5 18. Qg4 Kb8 19. b3 Qc5 20. Rc1 h5 21. Qe4 Qa3 22. Qd3 Qxa2 23. Nxd4 Nxd4 24. Qxd4 Rd8 25. Qxg7 Ba3 26. Rf1 Qxc2 27. Bf4 Rhg8 28. Qa1 Bb2 29. Qa4 Bd4 30. Be3 Qf5 31. Qc4 Rxg2+ 0-1

[Event "Swidnica op rap"]
[Site "?"]
[Date "1998.??.??"]
[Round "?"]
[White "Sedov Dmitri"]
[Black "Sulskis Sarunas"]
[Result "1/2-1/2"]
[WhiteElo "2375"]
[BlackElo "2485"]
[PlyCount "103"]
[EventDate "1998.??.??"]
[Source "www.chesslib.no"]
[SourceDate "2004.05.04"]

1. e4 e5 2. Nf3 Nc6 3. Bc4 Nf6 4. d4 exd4 5. O-O Nxe4 6. Re1 d5 7. Bxd5 Qxd5 8. Nc3 Qh5 9. Nxe4 Be6 10. Bg5 h6 11. Bf6 Qg6 12. Nh4 Qg4 13. Qd3 Be7 14. Bxe7 Kxe7 15. Qa3+ Kd7 16. Nc5+ Kc8 17. Re4 Qg5 18. Rae1 a5 19. Nf3 Qd5 20. Nxe6 fxe6 21. Rxe6 b6 22. Qb3 Qxb3 23. axb3 Kb7 24. Rg6 Rhd8 25. Rxg7 d3 26. cxd3 Rxd3 27. Rg6 Rxb3 28. Rxc6 Rxf3 29. Rec1 Rf7 30. Rxh6 Rd8 31. Rhc6 Rd2 32. R6c2 Rfxf2 33. Rxd2 Rxd2 34. Rb1 c5 35. h4 Kc6 36. Kh2 Kd5 37. Kh3 Ke5 38. Rf1 Rxb2 39. h5 Rb3+ 40. Kh4 Rb2 41. Kh3 Rd2 42. g4 Rd3+ 43. Kh4 Rd2 44. Kg5 c4 45. h6 c3 46. h7 Rh2 47. Kg6 b5 48. Rf5+ Ke4 49. Rh5 Rxh5 50. Kxh5 c2 51. h8=Q c1=Q 52. Qe8+ 1/2-1/2

[Event "CXEB"]
[Site "?"]
[Date "1998.11.16"]
[Round "?"]
[White "Cordeiro Vitor Louro (POR)"]
[Black "Ruch Eric (FRA)"]
[Result "0-1"]
[WhiteElo "2424"]
[BlackElo "2432"]
[PlyCount "96"]
[EventDate "1998.??.??"]
[Source "www.chesslib.no"]
[SourceDate "2004.05.04"]

1. e4 e5 2. Nf3 Nc6 3. Bc4 Nf6 4. d4 exd4 5. O-O Nxe4 6. Re1 d5 7. Bxd5 Qxd5 8. Nc3 Qa5 9. Nxe4 Be6 10. Bd2 Bb4 11. Nxd4 Nxd4 12. c3 Be7 13. cxd4 Qd5 14. Bb4 Bxb4 15. Qa4+ Qc6 16. Qxb4 O-O-O 17. Nc5 Bd5 18. Rac1 Qg6 19. g3 Qb6 20. Qa3 Rhe8 21. Re3 h5 22. Rce1 Rxe3 23. fxe3 f5 24. Rf1 h4 25. Rxf5 hxg3 26. h4 Qh6 27. Rf4 b6 28. Ne4 Bxe4 29. Rxe4 Qc6 30. Qd3 Qc1+ 31. Kg2 Rf8 32. Rf4 Rxf4 33. exf4 Qxf4 34. Kh3 Qf2 35. Qxg3 Qxd4 36. Qg2 Qd3+ 37. Kh2 g6 38. b3 a5 39. Qf2 Kd7 40. Qf7+ Kc6 41. Qf2 Kb5 42. Qb2 c5 43. Kg2 Qd4 44. Qe2+ Kb4 45. Qe6 b5 46. Qe1+ Qc3 47. Qe2 a4 48. bxa4 Qc4 0-1

[Event "Two Knights Defense Thematic (A), SEMI"]
[Site "?"]
[Date "1997.??.??"]
[Round "?"]
[White "Calvani, V."]
[Black "Tirabassi, C."]
[Result "0-1"]
[WhiteElo "2200"]
[BlackElo "2655"]
[PlyCount "34"]
[EventDate "1997.??.??"]
[Source "www.chesslib.no"]
[SourceDate "2004.05.04"]

1. e4 e5 2. Nf3 Nc6 3. Bc4 Nf6 4. d4 exd4 5. O-O Nxe4 6. Re1 d5 7. Bxd5 Qxd5 8. Nc3 Qa5 9. Nxe4 Be6 10. Neg5 O-O-O 11. Nxe6 fxe6 12. Rxe6 Bd6 13. Qe2 Qh5 14. Qe4 Rde8 15. Bg5 Ne5 16. Rxe5 Bxe5 17. Nxe5 Qxg5 0-1

[Event "WYb18"]
[Site "Kemer TUR"]
[Date "2007.11.22"]
[Round "6"]
[White "Toufighi, H."]
[Black "Melkumyan, H."]
[Result "0-1"]
[WhiteElo "2385"]
[BlackElo "2469"]
[PlyCount "66"]
[EventDate "2007.11.18"]
[Source "www.chesslib.no"]
[SourceDate "2004.05.04"]

1. e4 e5 2. Nf3 Nc6 3. Bc4 Nf6 4. d4 exd4 5. O-O Nxe4 6. Re1 d5 7. Bxd5 Qxd5 8. Nc3 Qh5 9. Nxe4 Be6 10. Bg5 h6 11. Bf6 Qg6 12. Nh4 Qg4 13. Qd3 Be7 14. h3 Qh5 15. Bxg7 Qxh4 16. Bxh8 O-O-O 17. g3 Qxh3 18. Bf6 Bd5 19. Qf1 Qf5 20. Bxe7 Nxe7 21. Qd3 Qh5 22. Qe2 Qg6 23. Rad1 Bc6 24. Nc3 Nf5 25. Nb5 Bxb5 26. Qxb5 Nxg3 27. Re8 Qg4 28. Rxd8+ Kxd8 29. Qd3 Ne4+ 30. Kf1 c5 31. Re1 f5 32. b4 Qh4 33. Rxe4 Qh1+ 0-1

[Event "Istanbul ol (Men)"]
[Site "Istanbul"]
[Date "2000.11.07"]
[Round "10"]
[White "Ovezov, Artek"]
[Black "Nguyen Anh Dung"]
[Result "0-1"]
[WhiteElo "2366"]
[BlackElo "2487"]
[PlyCount "84"]
[EventDate "2000.10.??"]
[Source "www.chesslib.no"]
[SourceDate "2004.05.04"]

1. e4 e5 2. Nf3 Nc6 3. d4 exd4 4. Bc4 Nf6 5. O-O Nxe4 6. Re1 d5 7. Bxd5 Qxd5 8. Nc3 Qa5 9. Nxe4 Be6 10. Neg5 O-O-O 11. Nxe6 fxe6 12. Rxe6 Bd6 13. Bg5 Rde8 14. Qe2 Kd7 15. Re1 Qxe1+ 16. Qxe1 Rxe6 17. Qd2 Rhe8 18. g3 Ne5 19. Nxe5+ Rxe5 20. Bf4 Rd5 21. c4 Bxf4 22. Qxf4 Rd6 23. c5 Re1+ 24. Kg2 Rd5 25. Qf7+ Kc6 26. b4 a6 27. Qxg7 d3 28. Qf6+ Kb5 29. Qf7 d2 30. Qxd5 d1=Q 31. Qxb7+ Kc4 32. Qxa6+ Kxb4 33. Qb7+ Kc4 34. Qa6+ Kb4 35. Qb7+ Kc4 36. Qa6+ Kxc5 37. Qa5+ Kd6 38. Qb4+ c5 39. Qb6+ Kd5 40. Qb7+ Kd4 41. Qg7+ Kc4 42. Qxh7 Qd3 0-1

[Event "Banja Luka"]
[Site "Banja Luka BIH"]
[Date "1987.??.??"]
[Round "6"]
[White "Ekstroem, Roland"]
[Black "Wiedenkeller, Michael"]
[Result "1/2-1/2"]
[WhiteElo "2390"]
[BlackElo "2460"]
[PlyCount "32"]
[EventDate "1987.04.??"]
[Source "www.chesslib.no"]
[SourceDate "2004.05.04"]

1. e4 e5 2. Nf3 Nc6 3. Bc4 Nf6 4. d4 exd4 5. O-O Nxe4 6. Re1 d5 7. Bxd5 Qxd5 8. Nc3 Qa5 9. Nxe4 Be6 10. Bd2 Qd5 11. Bg5 Bd6 12. Bf6 O-O 13. Nxd4 Nxd4 14. Qxd4 Qxd4 15. Bxd4 Rfd8 16. Nxd6 Rxd6 1/2-1/2

[Event "Berliner Sommer"]
[Site "Berlin GER"]
[Date "1993.??.??"]
[Round "7"]
[White "Wirschell, Taco"]
[Black "Hector, Jonny"]
[Result "1/2-1/2"]
[WhiteElo "2380"]
[BlackElo "2470"]
[PlyCount "56"]
[EventDate "1993.08.??"]
[Source "www.chesslib.no"]
[SourceDate "2004.05.04"]

1. e4 e5 2. Nf3 Nc6 3. Bc4 Nf6 4. d4 exd4 5. O-O Nxe4 6. Re1 d5 7. Bxd5 Qxd5 8. Nc3 Qh5 9. Nxe4 Be6 10. Bg5 Bd6 11. Nxd6+ cxd6 12. Bf4 Qd5 13. c3 Kd7 14. Qa4 b5 15. Qa6 Rhb8 16. Nxd4 Nxd4 17. cxd4 g5 18. Bd2 h5 19. Rac1 h4 20. Re3 Rb6 21. Qa3 g4 22. Qc3 Qb7 23. d5 Qxd5 24. Qc7+ Ke8 25. Rxe6+ fxe6 26. Qg7 Qxd2 27. Qg8+ Kd7 28. Qf7+ Kd8 1/2-1/2

[Event "Buenos Aires Club Argentino"]
[Site "Buenos Aires"]
[Date "1975.??.??"]
[Round "8"]
[White "Cuasnicu, Oscar"]
[Black "Rubinetti, Jorge Alberto"]
[Result "1/2-1/2"]
[WhiteElo "2410"]
[BlackElo "2440"]
[PlyCount "41"]
[EventDate "1975.??.??"]
[Source "ChessBase"]

1. e4 e5 2. Nf3 Nc6 3. d4 exd4 4. Bc4 Nf6 5. O-O Nxe4 6. Re1 d5 7. Bxd5 Qxd5 8. Nc3 Qa5 9. Nxe4 Be6 10. Bd2 Bb4 11. Nxd4 Nxd4 12. c3 Be7 13. cxd4 Qd5 14. Bb4 Bxb4 15. Qa4+ Qc6 16. Qxb4 O-O-O 17. Nc5 Bd5 18. f3 Rhe8 19. Rac1 Rxe1+ 20. Qxe1 Re8 21. Qg3 1/2-1/2

[Event "Komercni Banka op"]
[Site "Pardubice"]
[Date "1997.07.19"]
[Round "3"]
[White "Berend, Elvira S"]
[Black "Potapov, Alexander"]
[Result "1/2-1/2"]
[WhiteElo "2355"]
[BlackElo "2490"]
[PlyCount "80"]
[EventDate "1997.07.17"]
[Source "www.chesslib.no"]
[SourceDate "2004.05.04"]

1. e4 e5 2. Nf3 Nc6 3. d4 exd4 4. Bc4 Nf6 5. O-O Nxe4 6. Re1 d5 7. Bxd5 Qxd5 8. Nc3 Qa5 9. Nxe4 Be6 10. Neg5 O-O-O 11. Nxe6 fxe6 12. Rxe6 Bd6 13. Bg5 Rde8 14. Qe2 Kd7 15. Rxe8 Rxe8 16. Qd3 h6 17. Bd2 Qh5 18. g3 Qg4 19. Re1 Rf8 20. Kg2 Qf5 21. Qe4 g5 22. h3 Qxe4 23. Rxe4 Re8 24. Rxe8 Kxe8 25. c3 dxc3 26. Bxc3 Kf7 27. Kf1 Nb4 28. Bxb4 Bxb4 29. h4 gxh4 30. Nxh4 Ke6 31. Ke2 Be7 32. Ng2 Bf6 33. b3 Kd5 34. Kd3 Kc5 35. f4 h5 36. Ne3 a5 37. g4 hxg4 38. Nxg4 Bh4 39. Ne3 b5 40. Nc2 Kd5 1/2-1/2

[Event "Corr"]
[Site "?"]
[Date "1998.??.??"]
[Round "?"]
[White "Guizar Clemente"]
[Black "Bowyer Kenneth J"]
[Result "1-0"]
[WhiteElo "2410"]
[BlackElo "2435"]
[PlyCount "42"]
[EventDate "1998.??.??"]
[Source "www.chesslib.no"]
[SourceDate "2004.05.04"]

1. e4 e5 2. Nf3 Nc6 3. d4 exd4 4. Bc4 Nf6 5. O-O Nxe4 6. Re1 d5 7. Bxd5 Qxd5 8. Nc3 Qa5 9. Nxe4 Be6 10. Neg5 O-O-O 11. Nxe6 fxe6 12. Rxe6 Bd6 13. Bg5 Rdf8 14. Qe2 h6 15. Bh4 g5 16. Bg3 Bxg3 17. hxg3 Qb6 18. Rd1 Qxb2 19. Qc4 Rd8 20. Rd3 Rde8 21. Rxc6 bxc6 1-0

[Event "RUS-Cup"]
[Site "Krasnodar"]
[Date "1998.??.??"]
[Round "4"]
[White "Stambulian, Arsen"]
[Black "Yandemirov, Valeri"]
[Result "1-0"]
[WhiteElo "2300"]
[BlackElo "2545"]
[PlyCount "137"]
[EventDate "1998.??.??"]
[Source "www.chesslib.no"]
[SourceDate "2004.05.04"]

1. e4 e5 2. Nf3 Nc6 3. Bc4 Nf6 4. d4 exd4 5. O-O Nxe4 6. Re1 d5 7. Bxd5 Qxd5 8. Nc3 Qa5 9. Nxe4 Be6 10. Bd2 Qa4 11. Neg5 O-O-O 12. Nxe6 fxe6 13. Rxe6 Bd6 14. Bg5 Rdf8 15. Qd3 Qb4 16. b3 Qc5 17. Bd2 Qf5 18. Re4 Rf7 19. Rae1 Rhf8 20. R1e2 Rd8 21. Bg5 Rdf8 22. Bh4 h6 23. Nxd4 Nxd4 24. Qxd4 b6 25. Qc4 Kb7 26. Qe6 Qxe6 27. Rxe6 Rd7 28. g4 Bc5 29. Bg3 a5 30. a4 Rff7 31. Kg2 Rd1 32. Be5 Rfd7 33. Bc3 Bd4 34. Bxd4 R7xd4 35. Rg6 Rd7 36. h3 R1d5 37. Rge6 Rc5 38. R6e3 Rcd5 39. Kg3 Kc6 40. f4 Kc5 41. Re4 c6 42. Rc4+ Kd6 43. f5 Kc7 44. Kh4 R5d6 45. Rce4 b5 46. Re6 Rd4 47. axb5 cxb5 48. Ra6 a4 49. Re5 axb3 50. Rxb5 bxc2 51. Rc5+ Kb7 52. Ra2 Rb4 53. Rcxc2 Rd6 54. Re2 g6 55. fxg6 Rxg6 56. Rab2 Rxb2 57. Rxb2+ Kc7 58. Kh5 Rd6 59. Re2 Kd7 60. h4 Rd4 61. g5 hxg5 62. hxg5 Rd1 63. Kh6 Rh1+ 64. Kg7 Rg1 65. g6 Kd6 66. Kf7 Rf1+ 67. Kg8 Rg1 68. g7 Rh1 69. Re4 1-0

[Event "Windesheim Open Weekender"]
[Site "?"]
[Date "2004.03.20"]
[Round "4"]
[White "Lahaye Rick"]
[Black "Kazhgaleyev Murtas"]
[Result "0-1"]
[WhiteElo "2274"]
[BlackElo "2568"]
[PlyCount "70"]
[EventDate "2004.??.??"]
[Source "www.chesslib.no"]
[SourceDate "2004.05.04"]

1. e4 e5 2. Nf3 Nc6 3. d4 exd4 4. Bc4 Nf6 5. O-O Nxe4 6. Re1 d5 7. Bxd5 Qxd5 8. Nc3 Qa5 9. Nxe4 Be6 10. Neg5 O-O-O 11. Nxe6 fxe6 12. Rxe6 Bd6 13. Bg5 Rde8 14. Qe2 Kd7 15. Re4 Qf5 16. Re1 Rxe4 17. Qxe4 Rf8 18. Bd2 Bc5 19. Kf1 a5 20. Qxf5+ Rxf5 21. Ke2 a4 22. Kd3 Be7 23. Re4 Bf6 24. b4 h5 25. h4 b6 26. Be1 Rd5 27. Bd2 Rf5 28. Be1 Kd6 29. Kc4 b5+ 30. Kd3 Kd5 31. a3 Rxf3+ 32. gxf3 Ne5+ 33. Ke2 Nc4 34. Bd2 Nxa3 35. Kd3 Nc4 0-1

[Event "XXVII Open A"]
[Site "Bethune FRA"]
[Date "2006.12.26"]
[Round "1"]
[White "Cappon, J."]
[Black "L'Ami, E."]
[Result "0-1"]
[WhiteElo "2240"]
[BlackElo "2593"]
[PlyCount "44"]
[EventDate "2006.12.26"]
[Source "www.chesslib.no"]
[SourceDate "2004.05.04"]

1. e4 e5 2. Nf3 Nc6 3. Bc4 Nf6 4. d4 exd4 5. O-O Nxe4 6. Re1 d5 7. Bb5 Bd7 8. Bxc6 bxc6 9. Nxd4 Be7 10. f3 Nf6 11. Nb3 O-O 12. Be3 Bd6 13. Qd4 Bf5 14. Nc3 Bxc2 15. Nc5 Nd7 16. N3a4 Bxa4 17. Nxa4 Re8 18. Rac1 c5 19. Qxd5 Qh4 20. f4 Bxf4 21. g3 Bxe3+ 22. Rxe3 Qxa4 0-1

[Event "Pyramiden Franken Cup 5th"]
[Site "Fuerth"]
[Date "2002.09.01"]
[Round "2"]
[White "Engelbert, Christoph"]
[Black "Hector, Jonny"]
[Result "1/2-1/2"]
[WhiteElo "2265"]
[BlackElo "2562"]
[PlyCount "160"]
[EventDate "2002.08.31"]
[Source "ChessBase"]
[SourceDate "2002.11.06"]

1. e4 e5 2. Nf3 Nc6 3. Bc4 Nf6 4. d4 exd4 5. O-O Nxe4 6. Re1 d5 7. Bxd5 Qxd5 8. Nc3 Qh5 9. Nxe4 Be6 10. Bg5 Bd6 11. Nxd6+ cxd6 12. Bf4 Qd5 13. c3 Kd7 14. Nxd4 Nxd4 15. Qxd4 Qxd4 16. cxd4 Bd5 17. a3 Rhc8 18. Rac1 a5 19. Bd2 Rcb8 20. Re3 b5 21. Rce1 b4 22. Re7+ Kc6 23. h3 Be6 24. d5+ Kxd5 25. Bf4 Rb5 26. Rc7 Rc5 27. Rd1+ Kc4 28. Bxd6 Rxc7 29. Bxc7 Kb3 30. axb4 axb4 31. Rd2 Ka2 32. Kf1 Bc4+ 33. Kg1 b3 34. f3 Rc8 35. Be5 f6 36. Bd4 Bf7 37. Kf2 Bg6 38. Ke3 h5 39. g4 Rc1 40. h4 Be8 41. Rg2 hxg4 42. fxg4 Rh1 43. h5 Rh3+ 44. Kd2 Bc6 45. Re2 Bb5 46. Re3 Rh2+ 47. Kd1 Rg2 48. h6 Rxg4 49. Bc3 gxh6 50. Bxf6 Rg2 51. Rh3 h5 52. Re3 Bd7 53. Ke1 Bg4 54. Re4 Rc2 55. Rd4 Re2+ 56. Kf1 Re6 57. Bg7 Rg6 58. Be5 Rg5 59. Bh8 h4 60. Kg1 h3 61. Kh2 Be6 62. Rd2 Rc5 63. Rf2 Rd5 64. Bf6 Rd3 65. Be5 Kb1 66. Bf4 Rd5 67. Bh6 Bd7 68. Be3 Bf5 69. Bh6 Bc2 70. Bg7 Rd3 71. Bf6 Kc1 72. Be5 Bd1 73. Bf4+ Kb1 74. Bg3 Rd5 75. Bh4 Bg4 76. Bf6 Kc1 77. Bg7 Kd1 78. Bc3 Bd7 79. Rf4 Ke2 80. Rd4 Rxd4 1/2-1/2

[Event "Corr"]
[Site "?"]
[Date "2001.11.01"]
[Round "?"]
[White "Zavanelli Max E"]
[Black "Bericat Angel Hugo (ARG)"]
[Result "1-0"]
[WhiteElo "2406"]
[BlackElo "2421"]
[PlyCount "75"]
[EventDate "2001.??.??"]
[Source "www.chesslib.no"]
[SourceDate "2004.05.04"]

1. e4 e5 2. Bc4 Nf6 3. d4 exd4 4. Nf3 Nc6 5. O-O Nxe4 6. Re1 d5 7. Bxd5 Qxd5 8. Nc3 Qa5 9. Nxe4 Be6 10. Neg5 O-O-O 11. Nxe6 fxe6 12. Rxe6 Bd6 13. Bg5 Rde8 14. Qe1 Qxe1+ 15. Raxe1 Rxe6 16. Rxe6 Kd7 17. Re4 Re8 18. Rxe8 Kxe8 19. Kf1 h6 20. Bd2 Kd7 21. Ke2 Ke6 22. Kd3 Kd5 23. Nxd4 Nxd4 24. c4+ Ke5 25. f4+ Kf5 26. Kxd4 Bxf4 27. Bxf4 Kxf4 28. Kd5 Kf5 29. b4 Kf6 30. a4 Ke7 31. g4 Kd7 32. a5 c6+ 33. Ke5 Ke7 34. Kf5 Kf7 35. b5 cxb5 36. cxb5 Ke7 37. Kg6 Kf8 38. b6 1-0

[Event "CRO-Cup"]
[Site "Rabac"]
[Date "2003.05.29"]
[Round "4"]
[White "Jurkovic, Hrvoje"]
[Black "Golubovic, Boris"]
[Result "1/2-1/2"]
[WhiteElo "2401"]
[BlackElo "2426"]
[PlyCount "40"]
[EventDate "2003.05.26"]
[Source "Roberto Alvarez"]
[SourceDate "2003.06.03"]

1. e4 e5 2. Nf3 Nc6 3. Bc4 Nf6 4. d4 exd4 5. O-O Nxe4 6. Re1 d5 7. Bxd5 Qxd5 8. Nc3 Qh5 9. Nxe4 Be6 10. Bg5 Bb4 11. Nxd4 Qxd1 12. Rexd1 Nxd4 13. Rxd4 Be7 14. Bxe7 Kxe7 15. Nc5 Rhd8 16. Nxe6 fxe6 17. Rad1 Rd6 18. Rxd6 cxd6 19. Kf1 Rc8 20. c3 Rc5 1/2-1/2

[Event "Budapest Statisztika IM"]
[Site "Budapest HUN"]
[Date "1992.??.??"]
[Round "7"]
[White "Hansen, Lars Bo"]
[Black "Szell, Lajos"]
[Result "0-1"]
[WhiteElo "2510"]
[BlackElo "2315"]
[PlyCount "70"]
[EventDate "1992.??.??"]
[Source "www.chesslib.no"]
[SourceDate "2004.05.04"]

1. e4 e5 2. Nf3 Nc6 3. d4 exd4 4. Bc4 Nf6 5. O-O Nxe4 6. Re1 d5 7. Bxd5 Qxd5 8. Nc3 Qa5 9. Nxe4 Be6 10. Bd2 Qf5 11. Bg5 h6 12. Qd3 Qa5 13. Bh4 Bb4 14. Re2 g5 15. Nfxg5 hxg5 16. Bxg5 Be7 17. Bxe7 Kxe7 18. f4 Qh5 19. g3 Rh6 20. Rae1 Kf8 21. Qa3+ Kg7 22. Ng5 Bd5 23. Qc5 Rd6 24. c4 dxc3 25. Qxc3+ f6 26. b4 Kg8 27. b5 fxg5 28. bxc6 Rxc6 29. Qb4 gxf4 30. Re5 Qf7 31. Qd4 Rd8 32. Rd1 Rcd6 33. Rg5+ Kh7 34. Qd3+ Kh6 35. gxf4 Bf3 0-1

[Event "Biel"]
[Site "Biel"]
[Date "1998.??.??"]
[Round "9"]
[White "Ekstroem, Roland"]
[Black "Bagirov, Rufat"]
[Result "1-0"]
[WhiteElo "2490"]
[BlackElo "2325"]
[PlyCount "97"]
[EventDate "1998.07.??"]
[Source "www.chesslib.no"]
[SourceDate "2004.05.04"]

1. e4 e5 2. Nf3 Nc6 3. Bc4 Nf6 4. d4 exd4 5. O-O Nxe4 6. Re1 d5 7. Bxd5 Qxd5 8. Nc3 Qa5 9. Nxe4 Be6 10. Neg5 O-O-O 11. Nxe6 fxe6 12. Rxe6 Bd6 13. Bg5 Rde8 14. Qe1 Qxe1+ 15. Raxe1 Rxe6 16. Rxe6 Rf8 17. Kf1 Rf5 18. Bd2 Rb5 19. b3 Rc5 20. Ne1 Re5 21. Rxe5 Nxe5 22. Ke2 Kd7 23. Nf3 c5 24. Nxe5+ Bxe5 25. f4 Bf6 26. Kd3 b5 27. g4 g6 28. Ke4 Kc6 29. Be1 Kd6 30. Bg3 Kc6 31. f5 c4 32. bxc4 bxc4 33. Bf2 gxf5+ 34. gxf5 d3 35. cxd3 c3 36. d4 c2 37. Be3 a6 38. Kd3 Kd5 39. Kxc2 Ke4 40. Kd2 Kxf5 41. Kd3 h5 42. h3 Bd8 43. d5 Ke5 44. Kc4 Kd6 45. Bf4+ Kd7 46. Kc5 Ba5 47. Be5 Be1 48. Kb6 a5 49. a4 1-0

[Event "DDR Ch 26th"]
[Site "Frankfurt/Oder"]
[Date "1977.??.??"]
[Round "15"]
[White "Espig, Thomas"]
[Black "Vogt, Lothar H"]
[Result "0-1"]
[WhiteElo "2320"]
[BlackElo "2495"]
[PlyCount "24"]
[EventDate "1977.02.10"]
[Source "www.chesslib.no"]
[SourceDate "2004.05.04"]

1. e4 e5 2. Nf3 Nc6 3. Bc4 Nf6 4. d4 exd4 5. O-O Nxe4 6. Nc3 Nxc3 7. bxc3 Be7 8. cxd4 d5 9. Bd3 O-O 10. Rb1 Nb4 11. Rxb4 Bxb4 12. Ng5 f5 0-1

[Event "Valby K41"]
[Site "Valby"]
[Date "1991.??.??"]
[Round "4"]
[White "Greger, Roland"]
[Black "Nielsen, Peter Heine"]
[Result "1/2-1/2"]
[WhiteElo "2370"]
[BlackElo "2445"]
[PlyCount "37"]
[EventDate "1991.09.??"]
[Source "ChessBase"]

1. e4 e5 2. Bc4 Nf6 3. d4 exd4 4. Nf3 Nc6 5. O-O Nxe4 6. Re1 d5 7. Bxd5 Qxd5 8. Nc3 Qa5 9. Nxe4 Be6 10. Bd2 Bb4 11. Nxd4 Nxd4 12. c3 Be7 13. cxd4 Qd5 14. Bf4 c6 15. Nc3 Qd7 16. Qa4 b5 17. Qa5 O-O 18. Rad1 Rfe8 19. h3 1/2-1/2

[Event "Budapest FS08 GM"]
[Site "Budapest"]
[Date "1998.08.06"]
[Round "6"]
[White "Blauert, Joerg"]
[Black "Gonzalez Garcia, Jose"]
[Result "1/2-1/2"]
[WhiteElo "2395"]
[BlackElo "2420"]
[PlyCount "24"]
[EventDate "1998.08.01"]
[Source "www.chesslib.no"]
[SourceDate "2004.05.04"]

1. e4 e5 2. Nf3 Nc6 3. d4 exd4 4. Bc4 Nf6 5. O-O Nxe4 6. Re1 d5 7. Bxd5 Qxd5 8. Nc3 Qh5 9. Nxe4 Be6 10. Nfg5 Bd6 11. Nxd6+ cxd6 12. Bf4 Qxd1 1/2-1/2

[Event "Vlissingen HZ op"]
[Site "Vlissingen"]
[Date "1997.??.??"]
[Round "4"]
[White "Hoogendoorn, Joost"]
[Black "Rausis, Igors"]
[Result "0-1"]
[WhiteElo "2320"]
[BlackElo "2490"]
[PlyCount "80"]
[EventDate "1997.07.05"]
[Source "ChessBase"]
[SourceDate "1997.07.29"]

1. e4 e5 2. Nf3 Nc6 3. d4 exd4 4. Bc4 Nf6 5. O-O Nxe4 6. Re1 d5 7. Bxd5 Qxd5 8. Nc3 Qa5 9. Nxe4 Be6 10. Bd2 Bb4 11. Nxd4 Nxd4 12. c3 Be7 13. cxd4 Qd5 14. Bb4 Bxb4 15. Qa4+ Qc6 16. Qxb4 O-O-O 17. f3 Qb6 18. Qxb6 axb6 19. Ng5 Rhe8 20. Re4 h6 21. Nxe6 Rxe6 22. Rae1 Rxd4 23. Rxe6 fxe6 24. Rxe6 Rd2 25. Re8+ Kd7 26. Rg8 g5 27. Rg7+ Kd6 28. b3 Rxa2 29. h4 gxh4 30. Rg6+ Kc5 31. Rxh6 Kb4 32. Rxh4+ Kxb3 33. Rh7 c5 34. Rxb7 Ra6 35. g4 c4 36. f4 c3 37. Kh2 c2 38. Rc7 Ra4 39. Rxc2 Kxc2 40. Kg3 b5 0-1

[Event "JUG Cup"]
[Site "JUG"]
[Date "1997.??.??"]
[Round "?"]
[White "Jovanovic, Sasa M"]
[Black "Lazic, Miroljub"]
[Result "0-1"]
[WhiteElo "2355"]
[BlackElo "2455"]
[PlyCount "80"]
[EventDate "1997.??.??"]
[Source "www.chesslib.no"]
[SourceDate "2004.05.04"]

1. e4 e5 2. Nf3 Nc6 3. d4 exd4 4. Bc4 Nf6 5. O-O Nxe4 6. Re1 d5 7. Bxd5 Qxd5 8. Nc3 Qa5 9. Nxe4 Be6 10. Bd2 Bb4 11. Nxd4 Nxd4 12. c3 O-O 13. cxb4 Qf5 14. Bc3 Nb5 15. Ng3 Nxc3 16. bxc3 Qg6 17. Qf3 c6 18. h4 h6 19. Re3 a5 20. a3 Rfd8 21. Rae1 Qc2 22. Ne4 b6 23. Nf6+ Kh8 24. Qe4 Qxe4 25. Nxe4 Rd7 26. f4 a4 27. Ng3 Rad8 28. f5 Bc4 29. f6 gxf6 30. Nf5 Kh7 31. Re7 h5 32. Nd4 c5 33. Nc6 Rxe7 34. Rxe7 Rd3 35. Rb7 cxb4 36. cxb4 Rxa3 37. Rxb6 Ra1+ 38. Kf2 a3 39. Rb7 a2 40. Ra7 Rf1+ 0-1

[Event "Tirnavia"]
[Site "Trnava SVK"]
[Date "1986.??.??"]
[Round "8"]
[White "Blatny, Pavel"]
[Black "Banas, Jan"]
[Result "1/2-1/2"]
[WhiteElo "2415"]
[BlackElo "2395"]
[PlyCount "87"]
[EventDate "1986.03.??"]
[Source "www.chesslib.no"]
[SourceDate "2004.05.04"]

1. e4 e5 2. Nf3 Nc6 3. d4 exd4 4. Bc4 Nf6 5. O-O Nxe4 6. Re1 d5 7. Nc3 dxc3 8. Bxd5 Be6 9. Bxe4 Bb4 10. b3 Qxd1 11. Rxd1 O-O 12. Ng5 h6 13. Nxe6 fxe6 14. Be3 Rad8 15. Bxc6 bxc6 16. Kf1 a6 17. Ke2 Rd5 18. Rd4 Rxd4 19. Bxd4 Rf5 20. Rd1 Ra5 21. a4 e5 22. Be3 Rd5 23. f4 Bd6 24. fxe5 Bxe5 25. h3 Kf7 26. Rxd5 cxd5 27. Kd3 Ke6 28. Bd4 Bxd4 29. Kxd4 a5 30. Kxc3 c5 31. Kd3 Ke5 32. c3 g6 33. Ke3 g5 34. Kd3 h5 35. g3 Kd6 36. h4 gxh4 37. gxh4 Ke5 38. Kd2 Kd6 39. Ke3 Ke5 40. Kd3 Ke6 41. Ke3 Kd6 42. Kf4 Ke6 43. Ke3 Ke5 44. Kd3 1/2-1/2

[Event "Lyngby Open"]
[Site "Lyngby DEN"]
[Date "1990.??.??"]
[Round "1"]
[White "Fette, Martin"]
[Black "Stempin, Pawel"]
[Result "1-0"]
[WhiteElo "2360"]
[BlackElo "2445"]
[PlyCount "49"]
[EventDate "1990.??.??"]
[Source "www.chesslib.no"]
[SourceDate "2004.05.04"]

1. e4 e5 2. Nf3 Nc6 3. Bc4 Nf6 4. d4 exd4 5. O-O Nxe4 6. Re1 d5 7. Bxd5 Qxd5 8. Nc3 Qa5 9. Nxe4 Be6 10. Neg5 O-O-O 11. Nxe6 fxe6 12. Rxe6 Bd6 13. Bg5 Rdf8 14. Qe2 Kd7 15. Re1 Qxa2 16. Qe4 Qa5 17. Be7 Rxf3 18. gxf3 Bxe7 19. Rxe7+ Nxe7 20. Qe6+ Kd8 21. Qxe7+ Kc8 22. Qe6+ Kd8 23. Re5 Qa1+ 24. Kg2 c6 25. Qd6+ 1-0

[Event "Budapest Statisztika IM"]
[Site "Budapest HUN"]
[Date "1992.??.??"]
[Round "3"]
[White "Hansen, Lars Bo"]
[Black "Hohler, Peter"]
[Result "1/2-1/2"]
[WhiteElo "2510"]
[BlackElo "2295"]
[PlyCount "24"]
[EventDate "1992.??.??"]
[Source "www.chesslib.no"]
[SourceDate "2004.05.04"]

1. e4 e5 2. Nf3 Nc6 3. d4 exd4 4. Bc4 Nf6 5. O-O Nxe4 6. Re1 d5 7. Bxd5 Qxd5 8. Nc3 Qd8 9. Rxe4+ Be7 10. Nxd4 f5 11. Rf4 O-O 12. Nxc6 Qxd1+ 1/2-1/2